Normal view
MARC view
Entry Topical Term
001 - CONTROL NUMBER
- control field: 14403
003 - CONTROL NUMBER IDENTIFIER
- control field:
005 - DATE AND TIME OF LATEST TRANSACTION
- control field: 20210601180256.0
008 - FIXED-LENGTH DATA ELEMENTS
- fixed length control field: 210601|| aca||aabn | a|a d
040 ## - CATALOGING SOURCE
- Original cataloging agency:
- Transcribing agency:
150 ## - HEADING--TOPICAL TERM
- Topical term or geographic name entry element: Sex instruction
- Form subdivision: Encyclopedias and dictionaries
670 ## - SOURCE DATA FOUND
- Source citation: Work cat.: (): Costler, A. 14402, Encyclopaedia of sexual knowledge/, 1944
